Gaming Quiz

Random Gaming or Video Games Quiz

Civilization Quiz Stats

 Plays Quiz Updated Nov 20, 2019

Support Sporcle.
Go Orange.
Score 0/42 Timer 06:00
0 Plays Today
Element % Correct
France
80.1%
England
79.5%
China
78.8%
America
78.2%
Germany
74.8%
Washington
73.9%
Rome
73.1%
Russia
72.5%
Rome
71.4%
London
71.1%
Paris
70.1%
Greece
66%
Abraham Lincoln
64.9%
India
63.5%
Egypt
63.3%
Berlin
61%
Moscow
60.4%
Azteca
58.2%
Elizabeth I
57.9%
Athens
56.3%
Julius Caesar
54.6%
Element % Correct
Napoleon Bonaparte
48.1%
Mao Zedong
47.8%
Alexander the Great
47.4%
Shaka Zulu
45%
Mongolia
45%
Mohandas Gandhi
41.4%
Joseph Stalin
40.7%
Delhi
39.3%
Genghis Khan
35.8%
Montezuma
33.9%
Babylon
33.8%
Babylon
33.7%
Peking
30.9%
Ramesses II
29.5%
Zululand
26.5%
Tenochtitlan
22%
Thebes
21.1%
Hammurabi
17.8%
Zimbabwe
14.9%
Friedrich the Great
7.4%
Samarqand
7.1%

From the Vault

Technically Correct Stage Show Titles

by Bolafssonify

No one ever notices all the technical work that goes into theater, but it's just as important as anything else.
Remove Ads.
Support Sporcle.
Get the best of Sporcle when you Go Orange. This ad-free experience offers more features, more stats, and more fun while also helping to support Sporcle. Thank you for becoming a member.

Show Comments

Extras

Top Quizzes Today


Score Distribution

Your Account Isn't Verified!

In order to create a playlist on Sporcle, you need to verify the email address you used during registration. Go to your Sporcle Settings to finish the process.

Report this User

Report this user for behavior that violates our Community Guidelines.

Details: